Statistiques concernant Départements France

Cliquez ici pour prendre le quiz!

Statistiques générales

  • Ce quiz a été pris 114 fois
  • Le résultat moyen est 76 sur 101

Statistiques - réponses

Réponse% Correct
Corse-du-Sud
97%
Gironde
95%
Haute-Corse
95%
Nord
95%
Territoire de Belfort
93%
Paris
92%
Bouches-du-Rhône
91%
Alpes-Maritimes
90%
Haute-Savoie
90%
Rhône
90%
Guadeloupe
89%
Calvados
88%
Guyane
88%
Loire-Atlantique
88%
Savoie
88%
Isère
87%
Martinique
86%
Pas-de-Calais
86%
Bas-Rhin
85%
Charente-Maritime
85%
Côte-d'Or
85%
Somme
85%
Var
85%
Haut-Rhin
84%
Ille-et-Vilaine
84%
Finistère
83%
Hérault
83%
Doubs
82%
Morbihan
82%
Moselle
82%
Sarthe
82%
Yonne
82%
Tarn
80%
Hautes-Alpes
79%
Pyrénées-Orientales
79%
Vosges
79%
Yvelines
79%
Côtes-d'Armor
78%
Loiret
78%
Seine-Maritime
78%
Loire
77%
Mayotte
77%
Cantal
76%
Charente
76%
Gard
76%
Landes
76%
Maine-et-Loire
76%
Meurthe-et-Moselle
76%
Puy-de-Dôme
76%
Vaucluse
76%
Ardennes
75%
Deux-Sèvres
75%
Oise
75%
Vendée
75%
Corrèze
74%
Mayenne
74%
Drôme
73%
Haute-Garonne
73%
Pyrénées-Atlantiques
73%
Aube
72%
Cher
72%
Creuse
72%
Eure
72%
Marne
72%
Ain
71%
Allier
71%
Manche
71%
Réunion
71%
Val-de-Marne
71%
Aude
70%
Loir-et-Cher
70%
Nièvre
70%
Vienne
70%
Jura
68%
Alpes-de-Haute-Provence
67%
Essonne
67%
Eure-et-Loir
67%
Seine-Saint-Denis
67%
Haute-Vienne
66%
Hauts-de-Seine
66%
Lot
66%
Meuse
66%
Ariège
65%
Gers
65%
Indre
65%
Lot-et-Garonne
65%
Lozère
65%
Seine-et-Marne
65%
Val-d'Oise
65%
Orne
64%
Ardèche
63%
Dordogne
63%
Aisne
61%
Aveyron
61%
Indre-et-Loire
61%
Saône-et-Loire
61%
Haute-Marne
60%
Hautes-Pyrénées
59%
Tarn-et-Garonne
59%
Haute-Loire
58%
Haute-Saône
57%

Distribution des résultats

Percentile par nombre de réponses

% des personnes avec chaque résultat

Votre développement - résultats

Vous n’avez pas pris ce quiz